Ricostruisci la Carriera del Calciatore - Andrea Raggi - Statistics

Statistiche generali
  • Questo quiz è stato fatto 3 volte
  • Il punteggio medio è 3 su 8
Statistiche sulle risposte
Hint Risposta % Corretto
2012-2019 Monaco
100%
2004-2008 Empoli
67%
2010-2011 Bari
33%
2009-2010 Bologna
33%
2003-2004 Carrarese
33%
2011-2012 Bologna
0%
2008-2009 Palermo
0%
2009 Sampdoria
0%
Nessun quiz corrispondente trovato
Distribuzione punteggi
Percentuale di utenti per punteggio
Percentile per numero di risposta
I tuoi punteggi nel tempo
Non hai fatto questo quiz